00849nam a2200229 a 450000100100000000500170001000800410002704000250006808200130009310000270010624000340013324500940016726000430026130000280030449000210033253400600035370000350041383000280044804900090047695201170048599900170060200002208520200930011557.0100916s1971 ag a 000 0 spa d aDO-SdBNPbspacBNPHU ann*bnn*1 aPosell, Elsa Z.94575710aAmerican composerslEspañol13aLa musica actual en los Estados Unidos /cElsa Z. Posell ; traducción Horacio Saavedra. aBuenos Aires :bRodolfo Alonso,c1971. a121 p. :bil. ;c18 cm.1 aMusica y Musicos aTítulo de la edición original :tAmerican composers1 aSaavedra, Horacio,etr.945758 0aMusica y Musicos911964 aBNGR 001054708MOaGRbGRcCTd2010-09-16iLF1l0onn* nn*p22085-10r2020-06-25w2020-06-25y4ZPréstamo en sala c21583d21583